000
00324nam a2200145Ia 4500
008
200305s9999 xx 000 0 und d
082
_a
150.724
082
_b
WOE
100
_a
WOODWORTH
245
_a
EXPERIMENTAL PSYCHOLOGY
260
_a
NEW DELHI
_b
SURJEET PUB
300
_a
948
650
_a
PSYCHOLOGY
999
_c
34478
_d
34478
041
_a
eng